Online katalóg knižníc regiónu Turca

Prvá plavba / (Record no. 22517)

MARC details
000 -LEADER
fixed length control field 00700nam a22002411 4500
001 - CONTROL NUMBER
control field 22517
003 - CONTROL NUMBER IDENTIFIER
control field CZ PrNK
005 - DATE AND TIME OF LATEST TRANSACTION
control field 20260331142618.0
008 - FIXED-LENGTH DATA ELEMENTS--GENERAL INFORMATION
fixed length control field 010803s1983 xo slo
040 ## - CATALOGING SOURCE
Original cataloging agency ABA001
Language of cataloging cze
Modifying agency ABA001
041 1# - LANGUAGE CODE
Language code of text/sound track or separate title slo
Language code of original eng
100 1# - MAIN ENTRY--PERSONAL NAME
Personal name Melville, Herman,
Dates associated with a name 1819-1891
Relationship aut
245 10 - TITLE STATEMENT
Title Prvá plavba /
Statement of responsibility, etc. Herman Melville ; il. Dušan Nágel ; z angl. orig. prel. Štefan Kýška
250 ## - EDITION STATEMENT
Edition statement 1. vyd.
260 ## - PUBLICATION, DISTRIBUTION, ETC.
Place of publication, distribution, etc. Bratislava :
Name of publisher, distributor, etc. Mladé letá,
Date of publication, distribution, etc. 1983
300 ## - PHYSICAL DESCRIPTION
Extent 280 s. ;
Dimensions
490 1# - SERIES STATEMENT
Series statement Dobré slovo
700 1# - ADDED ENTRY--PERSONAL NAME
Personal name Nágel, Dušan,
Dates associated with a name 1949-
Relationship ill
700 1# - ADDED ENTRY--PERSONAL NAME
Personal name Kýška, Štefan,
Dates associated with a name 1914-1984
Relationship trl
830 #0 - SERIES ADDED ENTRY--UNIFORM TITLE
Uniform title Dobré slovo
910 ## - USER-OPTION DATA (OCLC)
User-option data ABA001
942 ## - ADDED ENTRY ELEMENTS (KOHA)
Source of classification or shelving scheme Dewey Decimal Classification
Koha item type Krásna literatúra pre dospelých
Suppress in OPAC No
Holdings
Stav vyradenia Strata Poškodenie Spôsob nadobudnutia Domovská knižnica Aktuálna knižnica Dátum nadobudnutia Total checkouts Čiarový kód exemplára Date last seen Typ exemplára
      Dar Obecná knižnica Horná Štubňa Obecná knižnica Horná Štubňa 31.03.2026   4736202078 31.03.2026 Krásna literatúra pre dospelých
Projekt je podporený Slovenskou asociáciou knižníc
Prevádzkuje Turčianska knižnica Martin 2026